MARC

LEADER 00000nam0a2200000 4500
001 77018
005 20231031092038.0
035 |a (RuTPU)RU\TPU\book\82597 
090 |a 77018 
100 |a 20050511d1962 k y0rusy50 ca 
101 1 |a rus  |c eng 
102 |a RU 
105 |a a z 001zy 
200 1 |a Деление ядер  |e пер. с англ.  |f И. Халперн  |g под ред. А. И. Лейпунского 
210 |a Москва  |c Физматлит  |d 1962 
215 |a 154 с.  |c ил. 
225 1 |a Современные проблемы физики 
320 |a Библиогр.: с. 145-154. 
610 1 |a атомное ядро 
610 1 |a деление 
610 1 |a вероятность 
610 1 |a свойства 
610 1 |a энергия 
675 |a 539.173  |v 3 
700 1 |a Халперн  |b И. 
702 1 |a Лейпунский  |b А. И.  |4 340 
801 1 |a RU  |b 63413507  |c 20050511  |g PSBO 
801 2 |a RU  |b 63413507  |c 20210620  |g PSBO 
900 |a Методы и техника преобразования энергии деления ядер в тепловую энергию 
900 |a Физика деления и синтеза ядер 
942 |c BK